| 000 | 00363nam a2200133Ia 4500 | ||
|---|---|---|---|
| 008 | 150202s9999 xx 000 0 und d | ||
| 020 | _a553238469 | ||
| 050 |
_aFIC _bFIC |
||
| 100 | _aLeahy, Rogovin Syrell. | ||
| 245 |
_aFamily ties / _cRogovin Syre Leahy. |
||
| 260 |
_aNew York : _bBantam Books, _c1982. |
||
| 300 |
_a421 pages : _c18 cm. |
||
| 650 | _aFiction. | ||
| 999 |
_c282178 _d282178 |
||